| 000 | 00370nam a22001577a 4500 | ||
|---|---|---|---|
| 003 | SGT | ||
| 082 |
_a614.1 _bF24B |
||
| 100 | _aBISWAS, GAUTAM | ||
| 245 | _aFORENSIC MEDICINE AND TOXICOLOGY | ||
| 250 | _a2ND | ||
| 260 |
_aNEW DELHI _bJAYPEE PUB. _c2024 |
||
| 300 | _a301 | ||
| 650 | _aFORENSIC MEDICINE | ||
| 653 | _aFORENSIC, MEDICINE , TOXICOLOGY | ||
| 942 |
_2ddc _cBK |
||
| 999 |
_c29165 _d29165 |
||